000 00252nam a2200097Ia 4500
001 725727
005 20250826163415.0
008 250824s9999 xx 000 0 und d
245 0 _aARŞİMET ZEKAİ GİZLİ GÖREVDE
_cDURAN ÇETİN
260 _bATLI KARINCA
999 _c725727
_d725727